| 000 | 01049cam a22003257a 4500 | ||
|---|---|---|---|
| 003 | CHAP | ||
| 005 | 20220329142432.0 | ||
| 008 | 010131d1997 mx r 00110 spa d | ||
| 010 | _a83423 | ||
| 011 | _a84395 | ||
| 020 | _a9701502159 | ||
| 035 | _a94915 | ||
| 040 | _cCHAP | ||
| 082 | 0 | 4 |
_a305.8 _bA3 |
| 100 | 0 | 0 |
_aAguirre Baztán, A. _eed. _92958 |
| 245 | 1 | 0 |
_aEtnografía : _bmetodología cualitativa en la investigación sociocultural _c/ed. por A. Aguirre Baztán |
| 260 |
_aMéxico, D.F. : _bAlfaomega, _c1997. |
||
| 300 | _a356 p. | ||
| 590 |
_aBATCH-UPD _b10 _c20130110 _lUCH01 _h0617 |
||
| 590 |
_aBATCH-UPD _b10 _c20130410 _lUCH01 _h0259 |
||
| 590 |
_aBATCH-UPD _b10 _c20130913 _lUCH01 _h2318 |
||
| 590 |
_aCONVERSION _b10 _c20130109 _lUCH01 _h1346 |
||
| 650 | 1 | 4 |
_aCiencias sociales _xInvestigación. _923226 |
| 650 | 1 | 4 |
_aEtnografía. _938651 |
| 650 | 1 | 4 |
_aEtnología. _938653 |
| 901 | _aBK | ||
| 905 | _aMayto Villalobos S. | ||
| 942 | _cLIBRO | ||
| 949 |
_a305.8 A3 _bBC _cLIBRO _d33724000816708 _eLIBRO _gI.208368 _h99338 _i94915 _si _t$125.00 |
||
| 999 |
_c83423 _d83423 |
||